MARC

LEADER 00000nam0a2200000 4500
001 129662
005 20231101220206.0
010 |a 0735403074 
035 |a (RuTPU)RU\TPU\book\140349 
090 |a 129662 
100 |a 20080125d2006 k y0engy50 ba 
101 0 |a eng 
102 |a US 
105 |a a z 001zy 
200 1 |a Hadron Spectroscopy. Eleventh International Conference on Hadron Spectroscopy  |e Conference  |e Rio de Janero, Brazil, 21-26 August 2005  |f Editors A. Reis, C. Gobel, J. de Sa Borges and J. Magnin 
210 |a New York  |c AIP  |d 2006 
215 |a 761 p.  |c il. 
225 1 |a Proceedings in the Series of Conferences on Hardron Spectroscopy 
320 |a Библиография в конце статей 
320 |a Author Index: p. 759-761. 
606 1 |a Ядерная, атомная, молекулярная физика  |2 stltpush  |3 (RuTPU)RU\TPU\subj\68877  |9 83976 
610 1 |a физика 
610 1 |a ядерная физика 
610 1 |a ядерная спектроскопия 
610 1 |a конференции 
610 1 |a Бразилия 
610 1 |a английский язык 
675 |a 539.143.43(063)  |v 3 
702 1 |a Reis  |b A.  |g Alberto  |4 340 
702 1 |a Göbel  |b C.  |g Carla  |4 340 
702 1 |a Borges  |b J. de Sá  |g José de Sá  |4 340 
702 1 |a Magnin  |b J.  |g Javier  |4 340 
712 1 0 |a Hadron Spectroscopy. Eleventh International Conference on Hadron Spectroscopy  |b Conference  |e Rio de Janeiro  |f 2005 
801 1 |a RU  |b 63413507  |c 20080125  |g PSBO 
801 2 |a RU  |b 63413507  |c 20150305  |g PSBO 
942 |c BK